| 000 | 00862nam a2200277 i 4500 | ||
|---|---|---|---|
| 003 | CO-BoRNBP | ||
| 005 | 20250115090602.0 | ||
| 007 | ta | ||
| 008 | 250115s2022 Uy a|||| |||| 00| 0 spa d | ||
| 020 | _a9789915662909 | ||
| 040 |
_aCO-BoRNBP _bspa _cCO-BoRNBP _erda |
||
| 041 | _aspa | ||
| 084 | _aC MOS | ||
| 100 | 1 | 3 |
_aMoss, Stephanie _eautor _957514 |
| 245 |
_aLa princesa que no quería bañarse/ _cStephanie Moss; ilustrado, Niña de Polonia-Nill |
||
| 250 | _aPrimera edición | ||
| 264 | 4 |
_aMontevideo, Uruguay, _bLatinbooks International S.A. _c2022 |
|
| 336 |
_2rdacontent _atexto _btxt |
||
| 337 |
_2rdamedia _asin mediación _bn |
||
| 338 |
_2rdacarrier _avolumen _bnc |
||
| 650 |
_2LEMB _aLiteratura infantil _92746 |
||
| 650 |
_2LEMB _aCuentos con rima _957515 |
||
| 650 |
_2LEMB _aDiversidad |
||
| 650 |
_2LEMB _aHigiene _93361 |
||
| 942 |
_2ddc _cBKINF |
||
| 999 |
_c56732 _d56732 |
||